header

Enhancing regional trade integration in Southeast Europe (Record no. 213927)

MARC details
000 -LEADER
fixed length control field 01474nam a2200361Ia 4500
245 00 - TITLE STATEMENT
Title Enhancing regional trade integration in Southeast Europe
260 ## - PUBLICATION, DISTRIBUTION, ETC. (IMPRINT)
Place of publication Washington, D.C. :
Name of publisher World Bank,
Year of publication c2010.
300 ## - PHYSICAL DESCRIPTION
Number of Pages xvi, 140 p. :
Other physical details ill.
490 1# - SERIES STATEMENT
Series statement World Bank working paper,
650 #0 - SUBJECT ADDED ENTRY--TOPICAL TERM
Topical Term Regionalism
700 1# - ADDED ENTRY--PERSONAL NAME
Personal name Handjiski, Borko,
856 40 - ELECTRONIC LOCATION AND ACCESS
Uniform Resource Identifier http://site.ebrary.com/lib/rucke/Doc?id=10369793

No items available.

© 2026 Rongo University
Contact us: librarian | system librarian | Rongo university